Cluster analysis
Saved in:
| Main Author: | |
|---|---|
| Format: | Book |
| Language: | English |
| Published: |
London : New York :
E. Arnold, Halsted Press,
c1993
|
| Edition: | 3rd ed. |
| Subjects: | |
| Tags: |
Add Tag
No Tags, Be the first to tag this record!
|
MARC
| LEADER | 00000nam a2200000 i 4500 | ||
|---|---|---|---|
| 001 | 1/85398 | ||
| 008 | 941103s1993 eng d | ||
| 020 | |a 0-340-58479-3 | ||
| 035 | |l 10051828 | ||
| 035 | |a 1993 |c ΤΡΥΨΙΑΝΝΗΣ | ||
| 040 | |a GR-MY-UA |b gre |e aacr | ||
| 041 | 0 | |a eng | |
| 082 | 0 | |a 519.53 | |
| 100 | 1 | |a Everitt, Brian. | |
| 245 | 1 | 0 | |a Cluster analysis / |c Brian S. Everitt |
| 250 | |a 3rd ed. | ||
| 260 | |a London : |a New York : |b E. Arnold, |b Halsted Press, |c c1993 | ||
| 300 | |a viii, 170 σ.; |b εικ.; |c 24 εκ. | ||
| 504 | |a Περιέχει βιβλιογραφικές παραπομπές (σ. 155-164) και ευρετήριο | ||
| 650 | 0 | 0 | |a Cluster analysis. |
| 852 | |a INST |b LESVOS |e 19990701 |h 519.53 EVE |p 005100025566 |q 005100025566 |t BK |y 0 | ||
| 852 | |a INST |b SAMOS |e 19941103 |h 519.53 EVE |p 005300003787 |q 005300003787 |t BK |y 4 |x 20191216 | ||
| 909 | |a Σ |b 030910 | ||
| 909 | |a Λ |b 062464 | ||
| 950 | |a 118-1998-10-19 | ||